00395nam a2200121Ia 4500008004100000020001800041050002400059100002300083245009700106260004200203300002100245521000700266140529s9999 xx 000 0 und d a9789712721168 aJQ 1410b.Az97 2008 aAzurin, ReneÌ B. aPower without virtue :ba critical perspective on Philippine governance /cReneÌ B. Azurin aManila, Philippines :bAnvil,cc2008. a269 p. ;c21 cm. aGE